| 000 | 00476nam a2200157Ia 4500 | ||
|---|---|---|---|
| 008 | 220216s9999 xx 000 0 und d | ||
| 100 | _aKothandaraman R | ||
| 245 | 0 | _aActinomycete population in the Rhizosphere of Hevea and its inhibitory effect on Phellinus Noxius | |
| 260 |
_bIndian Journal of Natural Rubber Research _c1991 |
||
| 300 | _a150-152 | ||
| 650 | _aPhellinus Noxius | ||
| 700 | _aJoseph K | ||
| 700 | _aMathew J | ||
| 700 | _aRajalakshmy V K | ||
| 942 | _cJS | ||
| 999 |
_c53762 _d53762 |
||